La Valorización de Sí Mismo: aplicada a padres e hijos
محفوظ في:
| المؤلف الرئيسي: | |
|---|---|
| التنسيق: | كتاب |
| اللغة: | الإسبانية |
| منشور في: |
Santiago
Patris
1999
|
| الطبعة: | 6a. ed |
| سلاسل: | Pequeña Biblioteca Católica
|
| الموضوعات: | |
| الوسوم: |
إضافة وسم
لا توجد وسوم, كن أول من يضع وسما على هذه التسجيلة!
|
MARC
| LEADER | 00000nam a2200000 a 4500 | ||
|---|---|---|---|
| 001 | UCH6251 | ||
| 003 | CL-VaPUC | ||
| 008 | 091109e19990000CL |||||||||||||||||spa|d | ||
| 020 | |a 9562461688 | ||
| 082 | 0 | 4 | |a 152.4 |b ROA |2 21 |
| 100 | 0 | |a Roa B., Marisol |e author |9 542655 | |
| 245 | 1 | 3 | |a La Valorización de Sí Mismo: aplicada a padres e hijos |
| 250 | |a 6a. ed | ||
| 300 | |a 31 p | ||
| 942 | |c BK | ||
| 945 | |d 20091109 00:00:00 |a ccalabra | ||
| 260 | |a Santiago |b Patris |c 1999 | ||
| 650 | 0 | |a Psicología |9 257863 | |
| 650 | 0 | |a Autoestima |9 308492 | |
| 650 | 0 | |a Psicología individual |9 309049 | |
| 650 | 0 | |a Autocontrol |9 395908 | |
| 650 | 0 | |a Personalidad |9 307255 | |
| 650 | 7 | |a DESARROLLO DE LA PERSONALIDAD |2 CL-VaPUC |9 311216 | |
| 583 | |a last modification |c 20091109 00:00:00 |k Rodrigo Vera | ||
| 490 | 0 | |a Pequeña Biblioteca Católica | |
| 999 | |c 337181 |d 337179 | ||